Francia felsőbirósági gyakorlat a társasági jog köréből
Elmentve itt :
| Dokumentumtípus: | Cikk |
|---|---|
| Megjelent: |
1927
|
| Sorozat: | Polgári jog : a hazai és külföldi magánjog és hiteljog szemléje
3 |
| Kulcsszavak: | Társasági jog francia |
| Online Access: | http://misc.bibl.u-szeged.hu/4489 |
| LEADER | 00586nab a2200157 i 4500 | ||
|---|---|---|---|
| 001 | misc4489 | ||
| 005 | 20191106142926.0 | ||
| 008 | 170607s1927 hu o 0|| hun d | ||
| 040 | |a SZTE Miscellanea Repozitórium |b hun | ||
| 041 | |a hun | ||
| 245 | 0 | 0 | |a Francia felsőbirósági gyakorlat a társasági jog köréből |h [elektronikus dokumentum] |
| 260 | |c 1927 | ||
| 300 | |a 73-76a | ||
| 490 | 0 | |a Polgári jog : a hazai és külföldi magánjog és hiteljog szemléje |v 3 | |
| 695 | |a Társasági jog francia | ||
| 856 | 4 | 0 | |u http://misc.bibl.u-szeged.hu/4489/1/polgari_jog_1927_073-076a.pdf |z Dokumentum-elérés |